Preparing for adolescence. (Record no. 14761)

000 -LEADER
fixed length control field 00883nam a2200241 a 4500
001 - CONTROL NUMBER
control field :::00012595$&:&@@
003 - CONTROL NUMBER IDENTIFIER
control field OkBaRHE
005 - DATE AND TIME OF LATEST TRANSACTION
control field 20000607103420.0
008 - FIXED-LENGTH DATA ELEMENTS--GENERAL INFORMATION
fixed length control field s1978 j 000 0 eng u
020 ## - INTERNATIONAL STANDARD BOOK NUMBER
International Standard Book Number 0884490343
040 ## - CATALOGING SOURCE
Transcribing agency
100 1# - MAIN ENTRY--PERSONAL NAME
Personal name Dobson, James C., 1936-
245 10 - TITLE STATEMENT
Title Preparing for adolescence.
260 ## - PUBLICATION, DISTRIBUTION, ETC. (IMPRINT)
Place of publication, distribution, etc Santa Ana, CA., :
Name of publisher, distributor, etc Vision House Publishers
Date of publication, distribution, etc c1978
300 ## - PHYSICAL DESCRIPTION
Extent 192 p. ;
Dimensions 21 cm.
520 ## - SUMMARY, ETC.
Summary, etc Speaks to adolescents about such topics as drug abuse, sex, family conflict, friendship, love, and conformity.
650 ## - SUBJECT ADDED ENTRY--TOPICAL TERM
Topical term or geographic name as entry element Adolescence
General subdivision Juvenile Literature
650 ## - SUBJECT ADDED ENTRY--TOPICAL TERM
Topical term or geographic name as entry element Christian Life
650 ## - SUBJECT ADDED ENTRY--TOPICAL TERM
Topical term or geographic name as entry element Conduct of Life
942 ## - ADDED ENTRY ELEMENTS (KOHA)
Source of classification or shelving scheme
Koha item type Books
Copies
Date acquired Not for loan Koha item type Copy number Barcode Source of classification or shelving scheme Price effective from Shelving location Permanent Location Lost status Date last seen Full call number Withdrawn status Damaged status
2010-04-14 Books112595 2010-04-14General StacksRHEMA Bible Training College 2010-04-14HQ 796 .D56  
2010-04-14 Books215205 2010-04-14General StacksRHEMA Bible Training College 2010-04-14HQ 796 .D56